000 05166cam a2200313 4500500
005 20251228045631.0
041 _afre
042 _adc
100 1 0 _aIlboudo, Bernard
_eauthor
700 1 0 _aSavadogo, Léon G Blaise
_eauthor
700 1 0 _aKinda, Maurice
_eauthor
700 1 0 _aSanon, Théophile
_eauthor
700 1 0 _aSombié, Issiaka
_eauthor
700 1 0 _aDramaix-Wilmet, Michèle
_eauthor
700 1 0 _aDonnen, Philippe
_eauthor
245 0 0 _aConnaissances et pratiques de la prévention de l’anémie gravidique au Burkina Faso
260 _c2019.
500 _a73
520 _aIntroduction : L’anémie de grossesse, ou gravidique, demeure un problème majeur de santé publique dans les pays à faible revenu. La qualité de la ressource humaine est primordiale pour garantir l’efficacité des interventions. Cette étude avait pour objectif d’évaluer les connaissances et les pratiques des professionnels de santé et des agents de santé communautaires en matière de prévention de l’anémie de grossesse au Burkina Faso. Méthode : Il s’agit d’une étude transversale descriptive. Les données ont été collectées à l’aide d’un questionnaire auprès des agents professionnels de santé et des agents de santé communautaires dans la région des Cascades. Résultats : Au total, 124 agents professionnels de santé et 77 agents de santé communautaires ont participé à l’enquête. Les connaissances des agents professionnels de santé sur la prévention de l’anémie de grossesse étaient « suffisantes » dans 25 % des cas et celles des agents de santé communautaires étaient « acceptables » dans 33,8 % des cas. Ni le nombre ni la diversité des thèmes de formation continue et des informations reçues n’étaient associés au niveau de connaissances des agents sur la prévention de l’anémie. Les agents professionnels de santé des hôpitaux (ORa = 6,7 ; IC 95 % : 1,3-34,5) et ceux ayant été formés sur la prévention de la transmission mère-enfant du virus de l’immunodéficience humaine (VIH) (ORa = 3,0 ; IC 95 % : 1,0-8,0) ainsi que les agents de santé communautaires ayant été scolarisés (OR = 2,2 ; IC 95 % : 1,3-4,0) avaient les meilleurs niveaux de connaissances. Mais les agents professionnels de santé les plus qualifiés étaient plutôt concentrés dans les hôpitaux et non dans les centres de santé périphériques censés promouvoir les mesures essentielles de prévention de l’anémie de grossesse. Conclusion : La prévention de l’anémie de grossesse reste un défi au Burkina Faso au regard du faible niveau de connaissances et des pratiques dans les centres de santé périphériques et dans la communauté. Une amélioration des connaissances et des pratiques des acteurs périphériques de soins à travers de meilleurs curricula de formation continue pourraient contribuer à lutte contre l’anémie de la femme enceinte.
520 _aIntroduction: Anemia in pregnancy remains a major public health problem in low-income countries. The quality of human resources is essential for effective interventions. The objective of this study was to assess knowledge and practices of health professionals and community health workers on the prevention of anemia in pregnancy in Burkina Faso. Methods: It is a descriptive cross-sectional study. Data was gathered using a structured questionnaire for health professionals and community health workers in the Cascades region. Results: A total of 124 health professionals and 77 community health workers were enrolled. Knowledge of health professionals on the prevention of anemia in pregnancy was “sufficient” in 25% of cases and that of community health workers was “acceptable” in 33.8% of cases. Neither the number nor the variety of in-training topics and information received were associated with the knowledge level of the agents on the prevention of anemia. Hospital health professionals (AOR = 6.7, 95% CI: 1.3-34.5) and those trained in the prevention of mother-to-child transmission of HIV (AOR = 3.0, 95% CI) 1.0-8.0) as well as community health workers who were in school (OR = 2.2, 95% CI: 1.3-4.0) had the highest levels of knowledge. But, skilled health professionals (midwives) were rather concentrated in hospitals and not in peripheral health centers that were supposed to promote essential measures to prevent anemia in pregnancy. Conclusion: The prevention of anemia in pregnancy remains a challenge in Burkina Faso, partially because of the low level of knowledge and practices in peripheral health centers and in the community. Improving the knowledge and practices of peripheral healthcare providers through better in-training curricula could help reduce anemia in pregnancy prevalence.
690 _aanémie de grossesse
690 _aBurkina Faso
690 _aprévention
690 _aanemia in pregnancy
690 _aBurkina Faso
690 _aprevention
786 0 _nSanté Publique | 30 | 6 | 2019-04-03 | p. 897-904 | 0995-3914
856 4 1 _uhttps://stm.cairn.info/revue-sante-publique-2018-6-page-897?lang=fr&redirect-ssocas=7080
999 _c1579010
_d1579010